គោលការណ៍ណែនាំសម្រាប់គ្រប់គ្រងព្រៃឈើប្រកបដោយនិរន្តរភាព (Record no. 9286)

000 -LEADER
fixed length control field 00361nam a22001217a 4500
040 ## - CATALOGING SOURCE
Transcribing agency HS
082 ## - DEWEY DECIMAL CLASSIFICATION NUMBER
Classification number 634
100 ## - MAIN ENTRY--AUTHOR NAME
Personal name NA
245 ## - TITLE STATEMENT
Title គោលការណ៍ណែនាំសម្រាប់គ្រប់គ្រងព្រៃឈើប្រកបដោយនិរន្តរភាព
260 ## - PUBLICATION, DISTRIBUTION, ETC. (IMPRINT)
Place of publication Cambodia
Name of publisher NA
Year of publication NA
300 ## - PHYSICAL DESCRIPTION
Number of Pages 122p;
942 ## - ADDED ENTRY ELEMENTS (KOHA)
Koha item type សៀវភៅភាសាខ្មែរ
952 ## - LOCATION AND ITEM INFORMATION (KOHA)
Withdrawn status [LOCAL, KOHA] 0
Holdings
Permanent Location Date acquired Koha item type Lost status Shelving location Barcode Current Location Full call number
Library Block C2016-08-30សៀវភៅភាសាខ្មែរ C257RUA046045Library Block C634 NA NA C257
មជ្ឈមណ្ឌលឯការនៃសាកលវិទ្យាល័យភូមិន្ទកសិកម្មចំការដូង

Powered by Koha